Online katalóg knižníc regiónu Turca

Temný obraz (Record no. 22727)

MARC details
000 -LEADER
fixed length control field 01186cam a2200397 a 4500
001 - CONTROL NUMBER
control field 22727
003 - CONTROL NUMBER IDENTIFIER
control field SK-KTurca
005 - DATE AND TIME OF LATEST TRANSACTION
control field 20260421160249.0
008 - FIXED-LENGTH DATA ELEMENTS--GENERAL INFORMATION
fixed length control field 240226s1986 xo gr 000 f slo
015 ## - NATIONAL BIBLIOGRAPHY NUMBER
National bibliography number SNBA1987/01
020 ## - INTERNATIONAL STANDARD BOOK NUMBER
Qualifying information (viazané)
035 ## - SYSTEM CONTROL NUMBER
System control number SNK000025949
035 ## - SYSTEM CONTROL NUMBER
System control number 75B27B4A-AAE2-400C-AA6E-21C73257F829
035 ## - SYSTEM CONTROL NUMBER
System control number urn:nbn:sk:snk-am00ihip
040 ## - CATALOGING SOURCE
Original cataloging agency SNK
Language of cataloging slo
Transcribing agency SNK
Description conventions AACR2
041 1# - LANGUAGE CODE
Language code of text/sound track or separate title slo
Language code of original eng
044 ## - COUNTRY OF PUBLISHING/PRODUCING ENTITY CODE
MARC country code xo
ISO country code SK
080 ## - UNIVERSAL DECIMAL CLASSIFICATION NUMBER
Universal Decimal Classification number 821.111(73)-3
Edition identifier 2001
080 ## - UNIVERSAL DECIMAL CLASSIFICATION NUMBER
Universal Decimal Classification number 316.3(0:82-31) - formálny znak
Edition identifier 2011
100 1# - MAIN ENTRY--PERSONAL NAME
Personal name Dick, Philip K.,
Dates associated with a name 1928-1982
Relationship aut
240 12 - UNIFORM TITLE
Uniform title A Scanner Darkly
Language of a work Slovensky
245 10 - TITLE STATEMENT
Title Temný obraz
Statement of responsibility, etc. K. Dick Philip ; preložil Ján Kamenistý
250 ## - EDITION STATEMENT
Edition statement 1. vyd.
260 ## - PUBLICATION, DISTRIBUTION, ETC.
Place of publication, distribution, etc. Bratislava
Name of publisher, distributor, etc. Smena
Date of publication, distribution, etc. 1986
Place of manufacture Bratislava
Manufacturer Pravda
300 ## - PHYSICAL DESCRIPTION
Extent 256 s.
Dimensions 20 cm
366 ## - TRADE AVAILABILITY INFORMATION
Note 50000 výtl.
490 1# - SERIES STATEMENT
Series statement Labyrint
Volume/sequential designation Zv. 122
655 #7 - INDEX TERM--GENRE/FORM
Genre/form data or focus term americké prózy
Source of term SNKPH
655 #7 - INDEX TERM--GENRE/FORM
Genre/form data or focus term spoločenské romány
Source of term SNKPH
655 #7 - INDEX TERM--GENRE/FORM
Genre/form data or focus term American prose
Source of term SNKPHeng
655 #7 - INDEX TERM--GENRE/FORM
Genre/form data or focus term Society novels
Source of term SNKPHeng
700 1# - ADDED ENTRY--PERSONAL NAME
Personal name Kamenistý, Ján,
Dates associated with a name 1941-
Relationship trl
830 #0 - SERIES ADDED ENTRY--UNIFORM TITLE
Uniform title Labyrint
942 ## - ADDED ENTRY ELEMENTS (KOHA)
Source of classification or shelving scheme Dewey Decimal Classification
Koha item type Krásna literatúra pre dospelých
Suppress in OPAC No
Holdings
Stav vyradenia Strata Poškodenie Spôsob nadobudnutia Domovská knižnica Aktuálna knižnica Dátum nadobudnutia Total checkouts Čiarový kód exemplára Date last seen Typ exemplára
      Dar Obecná knižnica Horná Štubňa Obecná knižnica Horná Štubňa 21.04.2026   4736202262 21.04.2026 Krásna literatúra pre dospelých
Projekt je podporený Slovenskou asociáciou knižníc
Prevádzkuje Turčianska knižnica Martin 2026